<?xml version="1.0" encoding="UTF-8"?>
<record
    xmlns:xsi="http://www.w3.org/2001/XMLSchema-instance"
    xsi:schemaLocation="http://www.loc.gov/MARC21/slim http://www.loc.gov/standards/marcxml/schema/MARC21slim.xsd"
    xmlns="http://www.loc.gov/MARC21/slim">

  <leader>01328cam a22003011  4500</leader>
  <controlfield tag="001">f  01001622 </controlfield>
  <controlfield tag="003">DLC</controlfield>
  <controlfield tag="005">20260227111240.0</controlfield>
  <controlfield tag="008">880406s1884    fr            000 0 fre  </controlfield>
  <datafield tag="010" ind1=" " ind2=" ">
    <subfield code="a">f  01001622 </subfield>
  </datafield>
  <datafield tag="035" ind1=" " ind2=" ">
    <subfield code="a">(OCoLC)17740945</subfield>
  </datafield>
  <datafield tag="040" ind1=" " ind2=" ">
    <subfield code="a">DLC</subfield>
    <subfield code="c">RPB</subfield>
    <subfield code="d">DLC</subfield>
  </datafield>
  <datafield tag="041" ind1="0" ind2=" ">
    <subfield code="a">fre</subfield>
    <subfield code="h">ger</subfield>
  </datafield>
  <datafield tag="042" ind1=" " ind2=" ">
    <subfield code="a">premarc</subfield>
  </datafield>
  <datafield tag="050" ind1="0" ind2="0">
    <subfield code="a">PT2317</subfield>
    <subfield code="b">.A1 1895 vol. 6</subfield>
  </datafield>
  <datafield tag="100" ind1="1" ind2=" ">
    <subfield code="a">Heine, Heinrich,</subfield>
    <subfield code="d">1797-1856.</subfield>
  </datafield>
  <datafield tag="245" ind1="0" ind2="0">
    <subfield code="a">De la France;</subfield>
    <subfield code="c">par Henri Heine.</subfield>
  </datafield>
  <datafield tag="250" ind1=" " ind2=" ">
    <subfield code="a">Nouv. &#xE9;d.</subfield>
  </datafield>
  <datafield tag="260" ind1=" " ind2=" ">
    <subfield code="a">Paris,</subfield>
    <subfield code="b">Calmann L&#xE9;vy,</subfield>
    <subfield code="c">1884.</subfield>
  </datafield>
  <datafield tag="300" ind1=" " ind2=" ">
    <subfield code="a">2 p. l., 383, [1] p.</subfield>
    <subfield code="c">19 cm.</subfield>
  </datafield>
  <datafield tag="490" ind1="0" ind2=" ">
    <subfield code="a">&#x152;uvres compl&#xE8;tes ...</subfield>
    <subfield code="v">[6]</subfield>
  </datafield>
  <datafield tag="500" ind1=" " ind2=" ">
    <subfield code="a">On cover: Biblioth&#xE8;que contemporaine.</subfield>
  </datafield>
  <datafield tag="500" ind1=" " ind2=" ">
    <subfield code="a">"&#xC9;dition originale," Paris, E. Renduel, 1833. cf. Vicaire's Manuel.</subfield>
  </datafield>
  <datafield tag="500" ind1=" " ind2=" ">
    <subfield code="a">"Lettres ... &#xE0; m. Auguste Lewald ... r&#xE9;dig&#xE9;es primitivement en allemand, furent traduites en fran&#xE7;ais et publi&#xE9;es par le po&#xEB;te dans la Revue de dix-neuvi&#xE8;me si&#xE8;cle."--Pref. (Signed: Henri Julia)</subfield>
  </datafield>
  <datafield tag="505" ind1="0" ind2=" ">
    <subfield code="a">Pr&#xE9;face de la nouvelle &#xE9;dition, par H. Julia.--Pr&#xE9;face de l'&#xE9;dition allemande.--Lettres &#xE9;crites &#xE0; la Gazette universelle d'Augsbourg (1831-1832)--Fragments (1832)--Lettres confidentielles adress&#xE9;es &#xE0; A. Lewald ... (1838)--Salon de 1831.</subfield>
  </datafield>
  <datafield tag="651" ind1=" " ind2="0">
    <subfield code="a">France</subfield>
    <subfield code="x">Politics and government</subfield>
    <subfield code="y">1830-1848.</subfield>
  </datafield>
  <datafield tag="700" ind1="1" ind2=" ">
    <subfield code="a">Julia, Henri,</subfield>
    <subfield code="e">ed.</subfield>
  </datafield>
  <datafield tag="999" ind1=" " ind2=" ">
    <subfield code="c">22611</subfield>
    <subfield code="d">22611</subfield>
  </datafield>
</record>
